Quizzes
Events
Quiz Creation
Community
Videos
Private Events
Remove Ads
Sign In
Join for FREE
Feedback
Dark Mode
Quiz Categories
Sports
Geography
Music
Movies
Television
Just For Fun
Miscellaneous
History
Literature
Language
Science
Gaming
Entertainment
Religion
Holiday
For Kids
Quiz Lab
Recent
Popular Today
Quiz Kudos Today
Editor Picks
Curator Picks
Quizzes by...
Day
Popularity
Type
Ratings
Length
Year
Community
Subscriptions
Recent Discussions
Orange Saloon
Badges
Playlists
Quests
Create
Leaderboards
Showdown
Live 5
Trivia Bingo
Activity
Puzzle Library
Sporcle Events
Private Events
Virtual Trivia
Globe League
Become a Host
Pub Owners
SporcleCon
Opinionation
Our Games
Videos
Blog
Mobile Apps
Partnerships
Remove Ads and Go Orange
Feedback
Gaming
Video Games
Board Games
Card Games
Pokémon
Mario
Nintendo
Minecraft
Console
Toys
Legend of Zelda
Gaming
Video Games
Board Games
Card Games
Pokémon
Mario
Nintendo
Minecraft
Console
Toys
Legend of Zelda
Random Quiz
Search Sporcle
×
Quiz Lab
Quiz Lab
Gaming
Video Games
Type in answers that appear in a list
Type in answers that appear in a list
Classic
Best Score? Go Orange.
2003 Video Games (Picture Quiz) Stats
Can you name the video games released in North America in 2003?
By
Jengajam
5m
25 Questions
505 Plays
505 Plays
505 Plays
Comments
Comments
Give Quiz Kudos
Give Quiz Kudos
-
- Ratings
hide this ad
Replay
Link that replays current quiz
Next Quiz
Link to next quiz in quiz playlist
You Got
0%
They Got
Avg Score
48%
Avg Friend Score
Upgrade to see
Score Distribution
Jump to the score distribution portion of the page
Score
0/25
Timer
05:00
0
Plays Today
Row/Column
Game
% Correct
B4
The Legend of Zelda: The Wind Waker
83%
D2
Mario Kart: Double Dash!!
77.8%
B3
Viewtiful Joe
76.2%
C5
Pokémon Ruby/Sapphire
71.9%
E5
Soul Calibur II
68.3%
C2
Star Wars: Knights of the Old Republic
67.3%
D1
Beyond Good & Evil
65%
A1
Call of Duty
60.2%
D3
Silent Hill 3
58.6%
C1
Fire Emblem
57.6%
C3
F-Zero GX
56.2%
A5
Mario & Luigi: Superstar Saga
55.6%
A2
Kirby Air Ride
52.3%
Row/Column
Game
% Correct
D5
Final Fantasy X-2
49.7%
B1
Disgaea: Hour of Darkness
43.2%
B5
Ikaruga
37%
C4
Xenosaga: Episode I - Der Wille zur Macht
37%
E3
Tony Hawk's Underground
35.8%
D4
WarioWare, Inc.: Mega Microgame$!
34.3%
E4
Castlevania: Aria of Sorrow
34.3%
A3
Prince of Persia: The Sands of Time
32.5%
E2
Boktai: The Sun is in Your Hand
20.8%
A4
Jak II
18.8%
B2
Amplitude
17.4%
E1
Eve Online
8.1%
Quiz Playlist
Details
Report
Send in Message
Add To Playlist
Classic:
Type in answers that appear in a list
Last Updated: Jul 31, 2017
Quiz Scoreboard
CHALLENGE
Sign Up to Join the Scoreboard
Show All
Scores
Hide
Comments
May contain spoilers
Recently Published
9x9 Crossword: Cartoon Network
by jackfrog10
Miscellaneous
3m
College Basketball Coaching Resumes
by pancakes188
Sports
9m
Billboard Blitz: Fleetwood Mac
by CooCooCachoo
Music
15s
More to Explore
Quiz From the Vault
Featured Blog Post
Where Did the Easter Bunny Come From?
hide this ad
You Might Also Like...
Tags
North America Quiz
Video Games Quiz
2003
America
Image Quiz
Released
screenshot
Video
Today's Top Quizzes in Gaming
Browse Gaming
hide this ad
Today's Top Quizzes in Video Games
Browse Video Games
Top Contributed Quizzes in Gaming
1
5-to-1: Consoles
2
7-to-1: Board Game Piece Blitz
3
5-to-1: Legend of Zelda
4
League of Legends Pro Players by Career/Team History
5
Destiny 2 exotic weapons by perk icons
6
Ultimate Genshin Impact Logic Puzzle (up to 4.3)
7
Franchise by Action Figure
8
Who's on the WWE 2K24 Cover?
9
Genshin Impact Logic Puzzle Quiz
10
Overwatch Logic Puzzle
Explore More
Trending Topics
Crossword
Marvel
NBA
Anime
Kpop
Disney
Harry Potter
Song
The Office
Puzzle
NFL
Pokémon
Soccer
Country
WWE
hide this ad
More By:
Jengajam
Quiz
Plays
Rating
Category
Featured
Created
2014 World Cup Teams
186,128
4.55
Sports
Nov 20, 2013
NFL Most Career Playoff TD Passes
79,838
4.79
Sports
Nov 29, 2012
Corner to Corner Trivia Chain
73,131
3.90
Miscellaneous
Apr 17, 2013
Twenty 'Ten'
46,622
4.40
Language
Feb 4, 2013
Nintendo Villains
42,672
4.51
Gaming
May 21, 2014
Go to Creator's Profile
Score Distribution
Quiz Creator Spotlight
Jengajam
Follow
Send a Message
Quizzes Created
-
Created Quiz Play Count
-
More By This Creator
Popular Quizzes Today
1
Find the US States - No Outlines Minefield
2
Find the Countries of Europe - No Outlines Minefield
3
The Countries of the World
4
Find the US States
5
Risky Map Clicking: Biggest States A-Z
6
US States
7
Popular People in 1961
8
Movies - When Are They Set?
More Gaming Quizzes
Minesweeper 10x10 - Medium IX
Quiz Lab
Trending Quizzes
Risky Map Clicking: Least Populous States A-Z
1-10 Letter G Words
1-10 Letter F Words
Risky Map Clicking: Next State Alphabetically
Adjectives in 80s TV Shows
Recently Updated
Leaping Animals
pecheneg
Reality TV Shows (A-Z)
bhenderson79
Rickey Henderson's Hall of Fame Teammates
pecheneg
Champions League XIs: Arsenal
pecheneg
Quick Pick: Celebrities in WWE's Hall of Fame
aduchscher
A-Z Keypad Blitz II
pecheneg
Multiple Oscar Actors
pecheneg
Mystery Phrase Blitz: Oscar 'Best Actors'
pecheneg
F. Scott Fitzgerald Novels
LTH
Pick 3 Villains
ddd62291
Trending Topics
Marvel
Anime
Disney
Harry Potter
Crossword
NBA
Kpop
Song
Country
Soccer
The Office
NFL
Puzzle
Pokémon
WWE
Your Account Isn't Verified!
In order to create a playlist on Sporcle, you need to verify the email address you used during registration. Go to your
Sporcle Settings
to finish the process.
Report this User
Report this user for behavior that violates our
Community Guidelines
.
Details:
Send Report
Go to the Sporcle.com Mobile Site →
Comments